LIBRARY & INFORMATION CENTRE, KCAET, TAVANUR

ONLINE PUBLIC ACCESS CATALOGUE (OPAC)

Optimization concepts and applicatons in engineering (Record no. 14785)

MARC details
000 -LEADER
fixed length control field 00357nam a22001337a 4500
020 ## - INTERNATIONAL STANDARD BOOK NUMBER
ISBN 8178086735
082 ## - DEWEY DECIMAL CLASSIFICATION NUMBER
Classification number 519.3
Item number BEL/OP
100 ## - MAIN ENTRY--AUTHOR NAME
Personal name Belegumdu, Ashok D
100 ## - MAIN ENTRY--AUTHOR NAME
Personal name Chandrupatla, Tirupathi,R
245 ## - TITLE STATEMENT
Title Optimization concepts and applicatons in engineering
260 ## - PUBLICATION, DISTRIBUTION, ETC. (IMPRINT)
Place of publication Delhi
Name of publisher Pearson Education
Year of publication 1999
300 ## - PHYSICAL DESCRIPTION
Number of Pages 432p
942 ## - ADDED ENTRY ELEMENTS (KOHA)
Koha item type Books
Holdings
Withdrawn status Lost status Damaged status Home library Current library Shelving location Date acquired Full call number Accession Number Koha item type
      KAUAET KAUAET General Stacks 17/03/2017 519.3 BEL/OP 20971 Books
free website counter